Größte Orte in Brandenburg A-Z - Statistiken

Allgemein
  • Dieses Quiz wurde 68 mal gespielt
  • Das Durchschnittsergebnis liegt bei 12 aus 23
Antwortstatistiken
Landkreis Einwohnerzahl Stadt oder Gemeinde % Korrekt
B kreisfrei 73.921 Brandenburg an der Havel
100%
C kreisfrei 100.010 Cottbus
97%
P kreisfrei 187.119 Potsdam
97%
F kreisfrei 58.818 Frankfurt (Oder)
93%
E Barnim 41.704 Eberswalde
83%
O Oberhavel 48.492 Oranienburg
76%
N Ostprignitz-Ruppin 31.803 Neuruppin
66%
T Potsdam-Mittelmark 27.880 Teltow
62%
S Uckermark 33.635 Schwedt/Oder
60%
K Dahme-Spreewald 39.096 Königs Wusterhausen
55%
J Teltow-Fläming 12.661 Jüterbog
52%
L Teltow-Fläming 29.441 Ludwigsfelde
52%
R Havelland 24.918 Rathenow
52%
Z Teltow-Fläming 21.643 Zossen
48%
W Potsdam-Mittelmark 26.970 Werder (Havel)
47%
G Spree-Neiße 16.210 Guben
40%
H Oberhavel 27.131 Hohen Neuendorf
38%
V Oberhavel 12.733 Velten
38%
A Barnim 14.144 Ahrensfelde
26%
M Oberhavel 15.438 Mühlenbecker Land
14%
D Havelland 10.770 Dallgow-Döberitz
12%
U Elbe-Elster 5.092 Uebigau-Wahrenbrück
9%
I Teltow-Fläming 637 Ihlow (Fläming)
7%
Keine übereinstimmenden Quizze gefunden
Verteilung der Resultate
Anzahl Personen mit jedem Resultat
Perzentil nach korrekt beantworteten Fragen
Ihre Resultats-Entwicklung
Sie haben dieses Quiz noch nicht gespielt